00758 2200277 4500001002100000005001500021035002500036007000300061008004100064020002200105040001200127041000800139082001600147084001600163090002000179090002200199100002200221245006000243250002600303260003000329300003200359650003300391850001200424999002200436990002200458INLIS00000000003507320191209014651 a0010-041800000000252ta180404s201 yoi g ind d a978-979-29-6405-9 aYOPDYOG0 aind042[23]a248.4 a248.4 RUB m aDEP 248.4 RUB m aCB-D.11 2017-24270 aRubin Adi Abraham0 aMakin tertekan makin berkemenangan /cRubin Adi Abraham aCetakan Pertama, 20173 aYogyakarta :bAndi,c2017 aviii, 159 halaman ;c21 cm. 4aKehidupan beragama (Kristen) aYOPDYOG aCB-D.11/2017-2427 aCB-D.11/2017-2427